name all continents - Statistics

General Stats
  • This quiz has been taken 39 times
  • The average score is 7 of 7
Answer Stats
Answer % Correct
Antarctica
97%
Europe
97%
North America
97%
South America
97%
Asia
93%
Africa
90%
Oceania
80%
No matching quizzes found
Score Distribution
Percent of People with Each Score
Percentile by Number Answered
Your Score History
You have not taken this quiz